000
00274nam a2200109Ia 4500
005
20251222114403.0
008
251222s1900||||xx |||||||||||||| ||spa||
082
_a
DVD0080/M48/2011
245
0
_a
Los Ășltimos cristeros: The last Christeros
264
_b
IDTV Film
942
_c
DVD
999
_c
1727
_d
1727